| 000 | 01186naa a22003017a 4500 | ||
|---|---|---|---|
| 001 | BR9000205 | ||
| 003 | BR-BrBNA | ||
| 005 | 20240918180557.0 | ||
| 007 | ta | ||
| 008 | 230509b bl.||||| |||| 00| 0 por d | ||
| 040 |
_aBR-BrBNA _bpor _cBiblioteca Nacional de Agricultura |
||
| 041 | _a(Pt) | ||
| 072 |
_aL01; L53 _b5240 |
||
| 090 | _aL01 BR9000205 | ||
| 100 | 1 | _aVillarroel, A.B.S. | |
| 111 | 1 |
_a1. Simposio Paulista de Ovinocultura _cBotucatu, SP (Brazil) _d24-28 Oct 1988 |
|
| 245 | 1 | _aManejo reprodutivo dos ovinos | |
| 246 | 1 | _a[Reproductive management of sheep] | |
| 246 | 1 | _a[1st Paulista Symposium of Sheep Raising. Annals] | |
| 260 | 3 |
_aCampinas, SP (Brasil): _c1989. |
|
| 500 | _aSiqueira, E.R. de; Goncalves, H.C. (eds.) 1. Simposio Paulista de Ovinocultura. Anais Campinas, SP (Brasil): 1989. p. 67-79 (BR9000205-AM)L01 | ||
| 650 | _aOVINO | ||
| 650 | _aMANEJO | ||
| 650 | _aREPRODUCAO ANIMAL | ||
| 773 | 0 |
_t1. Simposio Paulista de Ovinocultura. Anais _aSiqueira, E.R. de; Goncalves, H.C. (eds.). Fundacao Cargill, Campinas, SP (Brasil) _wL01 BR9000205 _gCampinas, SP (Brasil), 1989. p. 67-79 |
|
| 909 |
_a202404 _bLucia _c55 _dLucia Elande |
||
| 942 |
_cAM _2AGRIS |
||
| 999 |
_c321160 _d321160 |
||